| 000 | 00769nam a2200217Ia 4500 | ||
|---|---|---|---|
| 003 | GCL | ||
| 005 | 20240530110939.0 | ||
| 008 | 140319s199- le 000 0 ara d | ||
| 040 |
_aGCL / _cGCL |
||
| 082 | 0 | 4 |
_a920.71/ _bس ض |
| 100 | 1 | _aالسخاوى, شمس الدين محمد بن عبد | |
| 245 | 1 | 0 |
_aالضوء اللامع لاهل القرن التاسع / _cالسخاوى, شمس الدين محمد بن عبد |
| 260 |
_aبيروت : _bمنشورات دار محكتبة الحياة ، _c[199?] |
||
| 300 |
_aمتعدد ؛ _c24 سم |
||
| 650 | 0 | 4 | _aالتراجم |
| 650 | 0 | 4 | _aالتاريخ |
| 650 | 0 | 4 | _aالانساب والاعراق |
| 650 | 0 | 4 | _aالانساب |
| 650 | 0 | 4 | _aالببليوجرافيا الذاتية |
| 942 |
_2ddc _cBK |
||
| 999 |
_c66792 _d66792 |
||